Chansons d'Indochine - Statistiques

Statistiques générales
  • Ce quiz a été pris 104 fois
    60 depuis la dernière actualisation
  • Le résultat moyen est 55 sur 189
Statistiques - réponses
Album Titre % Correct
L'Aventurier 1 L'Aventurier
82%
Paradize 5 J'ai demandé à la lune
68%
Babel Babel 10 Babel Babel
65%
Babel Babel 7 Le Chant des cygnes
65%
Babel Babel 6 La belle et la bête
62%
Babel Babel 5 Sanna sur la croix
62%
Black City Parade 3 College Boy
59%
3 7 Trois nuits par semaine
59%
3 1 3e sexe
56%
3 2 Canary Bay
56%
Paradize 2 Electrastar
56%
Babel Babel 2 L'amour fou
56%
La République des Meteors 8 Le Lac
56%
Black City Parade 4 Memoria
56%
Paradize 1 Paradize
56%
13 2 2033
53%
Le Péril jaune 9 Kao-Bang
53%
13 5 La vie est belle
53%
Le Baiser 1 Le Baiser
53%
Babel Babel 1 Showtime
53%
13 9 Un été français
53%
Le Péril jaune 11 Le Péril jaune (Fermeture)
50%
Le Péril jaune 1 Le Péril jaune (Ouverture)
50%
La République des Meteors 4 Little Dolls
50%
Babel Babel 15 No Name
50%
3 9 Tes yeux noirs
50%
Babel Babel 14 Tokyo Boy
50%
Babel Babel 4 Victoria
50%
7000 danses 8 7000 danses
47%
Babel Babel 9 Le garçon qui rêve
47%
13 14 Trump le monde
47%
Babel Babel 16 Annabelle Lee
44%
Black City Parade 2 Black City Parade
44%
Paradize 4 Mao Boy!
44%
Paradize 10 Marilyn
44%
Babel Babel 3 Ma vie est à toi
44%
3 4 Salômbo
44%
13 3 Station 13
44%
13 16 Station 13 (version longue)
44%
Alice et June 1-3 Alice & June
41%
Dancetaria 1 Dancetaria
41%
Paradize 6 Dunkerque
41%
Babel Babel 11 En route vers le futur
41%
13 7 Karma Girls
41%
13 6 Kimono dans l'ambulance
41%
Babel Babel 8 La vie est à nous
41%
Le Péril jaune 7 Miss Paramount
41%
Babel Babel 17 Seul au paradis
41%
Alice et June 2-2 June
38%
L'Aventurier 3 Leïla
38%
3 3 Monte Cristo
38%
Black City Parade 9 Traffic Girl
38%
La République des Meteors 6 Un ange à ma table
38%
Un jour dans notre vie 3 Un jour dans notre vie
38%
3 6 À l'assaut (des ombres sur l'o)
35%
13 1 Black Sky
35%
Le Baiser 2 Des fleurs pour Salinger
35%
L'Aventurier 6 Dizzidence Politik
35%
Alice et June 1-4 Gang Bang
35%
Paradize 11 Le Manoir
35%
Babel Babel 13 Les nouveaux soleils
35%
L'Aventurier 2 L'Opportuniste
35%
13 11 Song for a Dream
35%
Black City Parade 8 Belfast
32%
13 4 Henry Darger
32%
Alice et June 1-5 Ladyboy
32%
Paradize 8 Le Grand Secret
32%
7000 danses 5 Les Tzars
32%
Alice et June 1-7 Pink Water 3
32%
Paradize 3 Punker
32%
13 8 Suffragettes BB
32%
Paradize 15 Un singe en hiver
32%
La République des Meteors 2 Go, Rimbaud Go!
29%
Dancetaria 4 Justine
29%
Black City Parade 13 Kill Nico
29%
7000 danses 3 La Chevauchée des champs de blé
29%
La République des Meteors 7 La Lettre de métal
29%
La République des Meteors 16 Le dernier jour
29%
Black City Parade 5 Le fond de l’air est rouge
29%
Black City Parade 7 Le Messie
29%
Alice et June 2-11 Pink Water 2
29%
13 10 Tomboy 1
29%
13 17 Tomboy 2
29%
Black City Parade 6 Wuppertal
29%
Le Péril jaune 10 À l'est de Java
26%
Dancetaria 10 Astroboy
26%
L'Aventurier 4 Docteur Love
26%
L'Aventurier 7 Françoise (Qu'est-ce qui t'a pris ?)
26%
13 13 Gloria
26%
Le Péril jaune 2 La Sécheresse du Mékong
26%
La République des Meteors 5 Le grand soir
26%
La République des Meteors 10 Play Boy
26%
Paradize 12 Popstitute
26%
Le Baiser 6 Punishment Park
26%
Black City Parade 15 Salomé
26%
Wax 8 Satellite
26%
Dancetaria 8 She Night
26%
Dancetaria 5 Atomic Sky
24%
L'Aventurier 5 Indochine (Les sept jours de Pékin)
24%
La République des Meteors 12 Je t’aime tant
24%
Dancetaria 2 Juste toi et moi
24%
7000 danses 6 La Machine à rattraper le temps
24%
Paradize 9 La Nuit des fées
24%
Alice et June 1-2 Les Portes du soir
24%
3 8 Le Train sauvage
24%
Le Baiser 3 More…
24%
Le Péril jaune 5 Okinawa
24%
Dancetaria 7 Stef II
24%
Black City Parade 10 Thea Sonata
24%
7000 danses 9 Une maison perdue…
24%
La République des Meteors 15 Union War
24%
Black City Parade 11 Anyway
21%
Black City Parade 1 Black Ouverture
21%
13 12 Cartagène
21%
Alice et June 2-5 Crash Me
21%
Babel Babel 12 Girlfriend
21%
3 5 Hors-la-loi
21%
Dancetaria 12 Le message
21%
La République des Meteors 14 Les aubes sont mortes
21%
Paradize 7 Like a Monster
21%
La République des Meteors 11 L World
21%
Alice et June 2-9 Morphine
21%
La République des Meteors 9 Republika
21%
Un jour dans notre vie 1 Savoure le rouge
21%
Alice et June 1-9 Un homme dans la bouche
21%
Alice et June 1-8 Adora
18%
Alice et June 2-4 Belle et Sebastiane
18%
Un jour dans notre vie 7 Bienvenue chez les nus
18%
Alice et June 1-6 Black Page
18%
La République des Meteors 13 Bye Bye Valentine
18%
Alice et June 1-11 Ceremonia
18%
Paradize 13 Dark
18%
Wax 3 Drugstar
18%
Wax 6 Echo-Ruby
18%
Black City Parade 14 Europane ou le dernier bal
18%
La République des Meteors 3 Junior Song
18%
Wax 11 Kissing My Song
18%
Le Baiser 11 La Colline des roses
18%
Un jour dans notre vie 5 La main sur vous
18%
Alice et June 1-1 La Promesse
18%
Dancetaria 3 Manifesto (Les divisions de la joie)
18%
Black City Parade 12 Nous demain
18%
Wax 13 Peter Pan
18%
Le Péril jaune 3 Razzia
18%
Dancetaria 6 Rose Song
18%
Alice et June 2-8 Talulla
18%
7000 danses 7 Un grand carnaval
18%
Dancetaria 9 Venus
18%
Un jour dans notre vie 4 Anne et moi
15%
Wax 5 Coma, coma, coma
15%
Paradize 14 Comateen I
15%
7000 danses 4 Il y a un risque (Le mépris)
15%
13 15 La 13ème Vague
15%
7000 danses 1 La Bûddha Affaire
15%
Alice et June 2-1 Le Pacte
15%
7000 danses 2 Les Citadelles
15%
Le Baiser 8 Les plus mauvaises nuits
15%
Le Péril jaune 4 Pavillon Rouge
15%
La République des Meteors 1 Republika Meteor Ouverture
15%
Le Péril jaune 8 Shanghaï
15%
Alice et June 2-10 Starlight
15%
Le Baiser 10 Tant de poussière
15%
La République des Meteors 17 Tom & Jerry
15%
Wax 1 Unisexe
15%
Alice et June 1-10 Vibrator
15%
Dancetaria 11 Halleluya
12%
Alice et June 2-7 Harry Poppers
12%
Wax 2 Révolution
12%
Un jour dans notre vie 2 Sur les toits du monde
12%
Le Péril jaune 6 Tankin
12%
Black City Parade 16 The Lovers
12%
Black City Parade 17 Trashmen
12%
Un jour dans notre vie 10 Ultra S.
12%
Un jour dans notre vie 11 Vietnam Glam
12%
Alice et June 2-6 Aujourd’hui je pleure
9%
Un jour dans notre vie 9 Candy prend son fusil
9%
Un jour dans notre vie 12 Crystal Song Telegram
9%
Un jour dans notre vie 8 D'ici mon amour
9%
Wax 4 Je n'embrasse pas
9%
Wax 12 L'Amoureuse
9%
Le Baiser 5 Les Années bazar
9%
Wax 7 Les Silences de Juliette
9%
Le Baiser 9 Persane Thème
9%
Un jour dans notre vie 6 Some Days
9%
Alice et June 2-3 Sweet Dreams
9%
Le Baiser 4 Alertez Managua
6%
Wax 10 Ce soir, le ciel
6%
Wax 9 Mire-Live
6%
Le Baiser 7 Soudain l'été dernier, je suppose
6%
Aucun quiz correspondant
Distribution des résultats
% des personnes avec chaque résultat
Percentile par nombre de réponses
Votre historique - résultats
Vous n’avez pas pris ce quiz depuis la dernière actualisation